000
00337nam a2200133Ia 4500
008
240624s9999 xx 000 0 und d
041
_a
eng
082
_a
658.8 AND
100
_a
ANDREASEN ALAN R
245
_a
SOCIAL MARKETING IN THE 21ST CENTURY
260
_c
2006
_a
New Delhi
_b
Sage Publications
300
_a
280 : p.
365
_c
_b
31
999
_c
20304
_d
20304